Disculpe...¿es usted una bruja?

-д хадгалсан:
Номзүйн дэлгэрэнгүй
Үндсэн зохиолчид: Horn, Emily (Зохиогч), Pawlak, Pawel (Зохиогч)
Формат: Ном
Хэл сонгох:испани
Хэвлэсэн: Bogotá Norma 2007
Хэвлэл:1a. ed
Цуврал:Buenas Noches
Нөхцлүүд:
Шошгууд: Шошго нэмэх
Шошго байхгүй, Энэхүү баримтыг шошголох эхний хүн болох!

MARC

LEADER 00000cam a2200000 a 4500
001 UCD7595
003 CL-VaPUC
008 170331e20070000ck |||||||||||||||||spa|d
020 |a 9789580496922 
082 0 4 |a 823  |b HOR  |2 21 
100 0 |a Horn, Emily  |e author  |9 591599 
700 0 |a Pawlak, Pawel  |e author  |9 591600 
245 1 0 |a Disculpe...¿es usted una bruja? 
250 |a 1a. ed 
300 |a 36 p 
942 |c BK 
945 |d 20170331 00:58:00  |a dcastane 
260 |a Bogotá  |b Norma  |c 2007 
650 0 |a Cuentos ingleses  |9 265135 
650 0 |a Cuento infantil inglés  |9 310546 
650 0 |a Literatura infantil   |9 307465 
583 |a last modification  |c 20170331 00:58:00  |k Rodrigo Vera 
490 0 |a Buenas Noches 
999 |c 367571  |d 367569 
952 |0 0  |1 0  |3 erb  |4 0  |6 823_000000000000000_HOR_2007  |7 0  |8 A  |9 482549  |a BIBEDU  |b BIBEDU  |i 5370469  |l 2  |o 823 HOR 2007  |p 5370469  |r 2023-07-24  |s 2023-07-24  |w 2019-11-24  |y BK  |z Catalogado en:20170331  |k PAR